| Tag |
First Indicator |
Second Indicator |
Subfields |
| LEADER |
00000cam a22000001a 4500 |
| 001 |
in00004122021 |
| 005 |
20200117092048.0 |
| 006 |
m d f |
| 007 |
cr bn mmmapmmp |
| 008 |
110912s2011 dcua ob f000 0 eng d |
| 035 |
|
|
|a chdc201100887
|
| 040 |
|
|
|a UMI
|c UMI
|d UtOrBLW
|
| 043 |
|
|
|a n-us---
|
| 086 |
0 |
|
|a Y 4.G 74/7:112-4
|
| 110 |
1 |
|
|a United States.
|b Congress.
|b House.
|b Committee on Oversight and Government Reform.
|b Subcommittee on Regulatory Affairs, Stimulus Oversight, and Government Spending.
|0 http://id.loc.gov/authorities/names/no2011140283
|
| 245 |
1 |
4 |
|a The stimulus :
|b two years later : hearing before the Subcommittee on Regulatory Affairs, Stimulus Oversight, and Government Spending of the Committee on Oversight and Government Reform, House of Representatives, One Hundred Twelfth Congress, first session, February 16, 2011.
|
| 264 |
|
1 |
|a Washington :
|b U.S. G.P.O.,
|c 2011.
|
| 264 |
|
2 |
|a Washington :
|b For sale by the Supt. of Docs., U.S. G.P.O.
|
| 300 |
|
|
|a iii, 103 pages :
|b illustrations, digital, PDF file.
|
| 336 |
|
|
|a text
|b txt
|2 rdacontent
|
| 337 |
|
|
|a computer
|b c
|2 rdamedia
|
| 338 |
|
|
|a online resource
|b cr
|2 rdacarrier
|
| 500 |
|
|
|a Shipping list number: 2011-0423-P.
|
| 504 |
|
|
|a Includes bibliographical references.
|
| 500 |
|
|
|a "Serial number 112-4."
|
| 500 |
|
|
|a Record is based on bibliographic data in ProQuest Congressional Hearings Digital Collection. Reuse except for individual research requires license from ProQuest, LLC.
|
| 500 |
|
|
|a Electronic resource.
|
| 533 |
|
|
|a Electronic reproduction.
|b [Bethesda, Md.] :
|c ProQuest,
|d 2011.
|e digital, PDF file.
|n ProQuest Congressional Hearings Digital Collection.
|n Mode of access: World Wide Web via ProQuest website.
|
| 538 |
|
|
|a System requirements: PDF reader software.
|
| 650 |
|
0 |
|a Economic stabilization
|z United States.
|
| 650 |
|
0 |
|a Recessions
|x Government policy
|z United States.
|
| 650 |
|
0 |
|a Federal aid
|z United States.
|
| 650 |
|
0 |
|a Government spending policy
|z United States.
|0 http://id.loc.gov/authorities/subjects/sh85056109
|
| 776 |
0 |
8 |
|i Print version:
|a United States. Congress. House. Committee on Oversight and Government Reform. Subcommittee on Regulatory Affairs, Stimulus Oversight, and Government Spending.
|t stimulus
|z 9780160893339
|z 016089333X
|
| 776 |
0 |
8 |
|i Microfiche version:
|a United States. Congress. House. Committee on Oversight and Government Reform. Subcommittee on Regulatory Affairs, Stimulus Oversight, and Government Spending.
|t stimulus
|d [Bethesda, Md.] : ProQuest,[2011]
|o CIS 2011 H601-123
|w (ProQuest)cis01101470
|
| 856 |
4 |
0 |
|u http://proxy.library.tamu.edu/login?url=http://search.proquest.com/congcomp/getdoc?HEARING-ID=HRG-2011-CGR-0012
|y Electronic resource (PDF)
|t 0
|
| 998 |
|
|
|a cis01101470
|
| 999 |
f |
f |
|s 970e44c2-cc7b-3a91-8263-139fdb8de85a
|i a9afd6b4-df63-3d8a-ac2e-d18300729a69
|t 0
|
| 952 |
f |
f |
|a Texas A&M University
|b College Station
|c Electronic Resources
|d Available Online
|t 0
|e Y 4.G 74/7:112-4
|h Superintendent of Documents classification
|
| 998 |
f |
f |
|a Y 4.G 74/7:112-4
|t 0
|l Available Online
|